Sàn sườn bê tông toàn khối
Tổng quan về thiết kế sân sườn toàn khối. Các bộ phận của sàn sườn. Tải trọng trên bản dầm, thiết kế bản dầm, tính toán dầm phụ, dầm chính
Bewaard in:
| Hoofdauteur: | |
|---|---|
| Formaat: | Boek |
| Taal: | Undetermined |
| Gepubliceerd in: |
Hà Nội
Xây dựng
2017
|
| Onderwerpen: | |
| Tags: |
Voeg label toe
Geen labels, Wees de eerste die dit record labelt!
|
| Thư viện lưu trữ: | Trung tâm Học liệu Trường Đại học Cần Thơ |
|---|
| LEADER | 00821nam a2200205Ia 4500 | ||
|---|---|---|---|
| 001 | CTU_227206 | ||
| 008 | 210402s9999 xx 000 0 und d | ||
| 020 | |c 77000 | ||
| 082 | |a 693.541 | ||
| 082 | |b C455 | ||
| 100 | |a Nguyễn, Đình Cống | ||
| 245 | 0 | |a Sàn sườn bê tông toàn khối | |
| 245 | 0 | |c Nguyễn Đình Cống | |
| 260 | |a Hà Nội | ||
| 260 | |b Xây dựng | ||
| 260 | |c 2017 | ||
| 520 | |a Tổng quan về thiết kế sân sườn toàn khối. Các bộ phận của sàn sườn. Tải trọng trên bản dầm, thiết kế bản dầm, tính toán dầm phụ, dầm chính | ||
| 650 | |a Concrete construction,Xây dựng bê tông | ||
| 904 | |i Tuyến | ||
| 980 | |a Trung tâm Học liệu Trường Đại học Cần Thơ | ||